| 000 | 00643nam a2200205 a 4500 | ||
|---|---|---|---|
| 001 | BRCA_7123 | ||
| 005 | 20190320205724.0 | ||
| 008 | 301211s----1921gw-a######---#000-0#ger-# | ||
| 041 | _ager | ||
| 044 | _agw | ||
| 050 | 4 |
_aML410.B4A2 _b.L43 1921 |
|
| 100 | 1 |
_aLeitzmann, Albert _d1867-1950 _917702 |
|
| 245 | 1 | 0 |
_aLudwig van Beethoven _cberichte der zeitgenossen, briefe und persönliche aufzeichnungen, gesammelt und erläutert von Albert Leitzmann. |
| 260 |
_aLeipzig, Alemania _bIm Insel _c1921 |
||
| 300 |
_a2 v. _bil. _c21 cm. |
||
| 500 | _aO162 | ||
| 600 | 1 | 4 |
_aBeethoven, Ludwig van, _d1770-1827 _917703 |
| 902 | _aGFM | ||
| 942 |
_2lcc _cB |
||
| 999 |
_c6804 _d6804 |
||